000
00267nam a2200109Ia 4500
008
200302s9999 xx 000 0 und d
100
_a
Priya Choudhary
245
_a
Human approach to urban planning
260
_b
Copal Publishing Group
260
_c
2015
300
_a
181
999
_c
5916
_d
5916